[Event "RUS-ch Rapid Men 2018"]
[Site "Sochi"]
[Date "2018.10.05"]
[Round "3"]
[White "Indzhiev, Aldar"]
[Black "Pridorozhni, Aleksei"]
[Result "0-1"]
[WhiteElo "2218"]
[BlackElo "2574"]
[Annotator "ChessBase"]
[PlyCount "102"]
[EventDate "2018.10.05"]
[EventType "swiss"]
[EventCountry "RUS"]
[SourceTitle "playchess.com"]
[Source "ChessBase"]
[SourceQuality "1"]
[TimeControl "900+10"]

1. d4 {[%emt 0:00:00]} d6 {[%emt 0:00:00]} 2. Nf3 {[%emt 0:00:00]} Bg4 {[%emt 0:00:00]} 3. c4 {[%emt 0:00:11]} Nd7 {[%emt 0:00:00]} 4. Nbd2 {[%emt 0:00:39]} c6 {[%emt 0:00:00]} 5. h3 {[%emt 0:00:02]} Bh5 {[%emt 0:00:02]} 6. g4 {[%emt 0:00:04]} Bg6 {[%emt 0:00:01]} 7. Nh4 {[%emt 0:00:20]} e5 {[%emt 0:00:02]} 8. Nxg6 {[%emt 0:00:01]} hxg6 {[%emt 0:00:03]} 9. dxe5 {[%emt 0:00:06]} dxe5 {[%emt 0:00:03]} 10. Bg2 {[%emt 0:00:16]} Qc7 {[%emt 0:00:03]} 11. Qc2 {[%emt 0:00:26]} Ngf6 {[%emt 0:00:04]} 12. b3 {[%emt 0:00:26]} a5 {[%emt 0:00:23]} 13. a3 {[%emt 0:00:13]} Nc5 {[%emt 0:00:17]} 14. Bb2 {[%emt 0:00:11]} Ne6 {[%emt 0:00:04]} 15. e3 {[%emt 0:00:15]} Be7 {[%emt 0:00:04]} 16. Rd1 {[%emt 0:02:14]} O-O {[%emt 0:01:33]} 17. h4 {[%emt 0:02:14]} Rad8 {[%emt 0:00:25]} 18. h5 {[%emt 0:00:59]} gxh5 {[%emt 0:01:45]} 19. gxh5 {[%emt 0:00:14]} Nc5 {[%emt 0:00:03]} 20. Ke2 {[%emt 0:02:39]} Nd3 {[%emt 0:00:28]} 21. Ne4 {[%emt 0:02:32]} Nxb2 {[%emt 0:00:04]} 22. Qxb2 {[%emt 0:00:02]} Nxe4 {[%emt 0:02:10]} 23. Bxe4 {[%emt 0:00:01]} Rxd1 {[%emt 0:00:11]} 24. Rxd1 {[%emt 0:00:06]} f5 {[%emt 0:00:35]} 25. Bc2 {[%emt 0:01:06]} e4 {[%emt 0:00:11]} 26. Qd4 {[%emt 0:02:18]} Rd8 {[%emt 0:00:55]} 27. Qa1 {[%emt 0:00:13]} Rxd1 {[%emt 0:00:10]} 28. Qxd1 {[%emt 0:00:14]} Bxa3 {[%emt 0:00:04]} 29. Qg1 {[%emt 0:00:04]} Qf7 {[%emt 0:00:07]} 30. Qh2 {[%emt 0:00:09]} Bf8 {[%emt 0:00:22]} 31. f3 {[%emt 0:00:09]} a4 {[%emt 0:00:09]} 32. fxe4 {[%emt 0:00:49]} a3 {[%emt 0:00:12]} 33. Bb1 {[%emt 0:00:37]} fxe4 {[%emt 0:00:09]} 34. h6 {[%emt 0:00:30]} Qf3+ 35. Kd2 Bb4+ {[%emt 0:00:23]} 36. Kc2 {[%emt 0:00:08]} Qxe3 {[%emt 0:00:13]} 37. hxg7 {[%emt 0:00:17]} Qc3+ {[%emt 0:00:35]} 38. Kd1 {[%emt 0:00:01]} Qxb3+ {[%emt 0:00:04]} 39. Bc2 {[%emt 0:00:10]} Qf3+ {[%emt 0:00:03]} 40. Kc1 {[%emt 0:00:02]} Qf1+ {[%emt 0:00:12]} 41. Bd1 {[%emt 0:00:03]} Qxc4+ {[%emt 0:00:03]} 42. Bc2 {[%emt 0:00:11]} Kxg7 {[%emt 0:00:19]} 43. Qc7+ {[%emt 0:00:11]} Kf6 {[%emt 0:00:03]} 44. Qd8+ {[%emt 0:00:03]} Ke5 {[%emt 0:00:21]} 45. Qc7+ {[%emt 0:00:13]} Kd5 {[%emt 0:00:13]} 46. Qd8+ {[%emt 0:00:45]} Kc5 {[%emt 0:00:15]} 47. Qf8+ {[%emt 0:00:13]} Kb6 {[%emt 0:00:04]} 48. Qf6 {[%emt 0:00:10]} a2 {[%emt 0:00:10]} 49. Qf2+ {[%emt 0:00:10]} Bc5 {[%emt 0:00:05]} 50. Qf6 {[%emt 0:00:01]} Be3+ {[%emt 0:00:12]} 51. Kd1 {[%emt 0:00:08]} Qd4+ {[%emt 0:00:02]} 0-1

[Event "RUS-ch Rapid Men 2018"]
[Site "Sochi"]
[Date "2018.10.05"]
[Round "4"]
[White "Artemiev, Vladislav"]
[Black "Paravyan, David"]
[Result "1-0"]
[WhiteElo "2706"]
[BlackElo "2629"]
[Annotator "TA"]
[PlyCount "97"]
[EventDate "2018.10.05"]
[EventType "swiss"]
[EventCountry "RUS"]
[SourceTitle "playchess.com"]
[Source "ChessBase"]
[SourceQuality "1"]

{[%evp 17,97,0,31,3,10,6,13,0,0,0,0,0,4,10,48,44,35,36,45,16,52,31,60,61,93,68,70,66,94,80,79,72,76,41,108,107,94,71,92,79,83,82,98,98,98,82,97,91,210,224,301,307,296,295,391,393,397,397,421,370,383,364,392,279,1215,1193,29991,539,501,502,29993,5417,29981,1083,893,831,1964,1953,1264,1558,29991,29992]} 1. d4 d5 2. c4 c6 3. Nf3 Nf6 4. Qc2 g6 5. cxd5 cxd5 6. Bf4 {D11: Slav Defence: 3 Nf3 sidelines and 3...Nf6 4 e3 Bg4} Nc6 7. e3 Bg7 8. Nc3 O-O 9. Be2 a6 {LiveBook: 3 Games} (9... Ne4 10. O-O Bf5 11. Qb3 Nxc3 12. bxc3 Na5 13. Qb4 {½-½ (74) Aronian,L (2805)-Laznicka,V (2647) Riadh 2017}) 10. O-O Nh5 11. Bg5 h6 $146 ({Predecessor:} 11... Bf6 12. Bh6 Bg7 13. Bxg7 Kxg7 14. Rfd1 {1-0 (85) Wetjen,S-Sohraby,A Dortmund 1993}) 12. Bh4 g5 13. Bg3 Nxg3 14. hxg3 Qd6 15. Rac1 e5 16. dxe5 Nxe5 17. Rfd1 $36 {[%mdl 2048] White is pushing.} Be6 18. Nd4 (18. Nxd5 $5 Bxd5 19. e4 $14) 18... Rad8 19. Bf3 {Strongly threatening Bxd5!} Nxf3+ 20. gxf3 b5 21. Qd3 Rfe8 22. Rc2 {[%cal Bc1c2,Bc2d2,Bd2d4][%mdl 32]} b4 23. Nce2 Rc8 24. Rcd2 Bd7 25. Nf5 Bxf5 ({Better is} 25... Qf6 $14 26. Nxg7 Kxg7) 26. Qxf5 $16 Qe6 27. Qb1 Rc5 28. Nd4 Bxd4 29. Rxd4 a5 30. Qd3 Rec8 31. Rd2 Kg7 32. Kg2 Rd8 {[#]} (32... Qg6 $16 {was worth a try.}) 33. Rxb4 $1 $18 {[%mdl 512]} axb4 34. Qd4+ Kh7 35. Qxc5 {[%mdl 4096] Endgame KQR-KQR} Ra8 36. b3 Rb8 37. Rxd5 g4 38. Rd6 gxf3+ 39. Kxf3 Qh3 40. Qd5 Rb7 $2 (40... Qh1+ 41. Kf4 Qxd5 42. Rxd5 Kg7) 41. Qe4+ Kg7 42. Qd4+ (42. Qe5+ $142 Kh7 43. Rd8 Qh1+ 44. Kf4 Qa1 45. Qxa1 f6 46. Qxf6 Rg7 47. Qf5+ Rg6 48. Rd7+ Kh8 49. Qxg6 h5 50. Qh7#) 42... Kh7 43. Rd8 {Qf6 would kill now.} Qh1+ (43... Qf5+ $18 44. Kg2 f6) 44. Ke2 (44. Kf4 $142 Qf3+ 45. Kxf3 Rd7 46. Rxd7 Kg6 47. Qg4+ Kf6 48. Qf4+ Kg7 49. Qxf7+ Kh8 50. Qh7#) 44... Qh5+ 45. g4 (45. Ke1 $142 Qh1+ 46. Kd2 Rd7 47. Qxd7 Qf3 48. Qd3+ Kg7 49. Qd4+ Qf6 {[#]} 50. Rg8+ $1 {[%mdl 512]} Kxg8 51. Qxf6) 45... Qb5+ 46. Kf3 Qc6+ 47. Kg3 {White threatens Qh8+ and mate.} f6 48. Rd6 Qh1 49. Qxf6 {Precision: White = 52%, Black = 34%.} 1-0

[Event "RUS-ch Rapid Men 2018"]
[Site "Sochi"]
[Date "2018.10.05"]
[Round "4"]
[White "Tomashevsky, Evgeny"]
[Black "Moiseenko, Vadim"]
[Result "1/2-1/2"]
[WhiteElo "2705"]
[BlackElo "2492"]
[Annotator "TA"]
[PlyCount "88"]
[EventDate "2018.10.05"]
[EventType "swiss"]
[EventCountry "RUS"]
[SourceTitle "playchess.com"]
[Source "ChessBase"]
[SourceQuality "1"]

{[%evp 21,88,35,37,18,31,32,36,25,36,30,26,23,35,49,64,60,75,-62,-63,-66,-66,-67,16,0,233,247,227,225,170,60,75,-9,-13,-449,-476,-461,-462,-567,-463,-1454,-420,-407,-141,-120,-130,-357,-363,-451,0,0,0,0,0,0,0,0,0,0,0,-14,-14,-14,-14,-60,-60,-60,-14,-14,0]} 1. c4 b6 2. e4 Bb7 3. Nc3 e6 4. Nf3 Nf6 5. Bd3 d6 6. Bc2 c5 7. d4 cxd4 8. Nxd4 Be7 9. O-O O-O 10. b3 Nbd7 11. Bb2 {A34: Symmetrical English: 2 Nc3, lines with ...d5} a6 {LiveBook: 26 Games} 12. Qd3 Rc8 {[%cal Ba8c8,Bc8c5,Bc5h5,Bh5h4][%mdl 32]} 13. Rad1 $146 {White is slightly better.} ({Predecessor:} 13. Rfe1 Re8 14. Rad1 Qc7 15. Qg3 Bf8 16. a4 {½-½ (41) Szabo,L (2510)-Rivas Pastor,M (2470) Hastings 1982}) 13... Re8 14. Qg3 Nh5 15. Qg4 Nhf6 16. Qe2 Rc5 17. f4 Qc7 18. a4 Rh5 19. g4 (19. h3 $16) 19... Rh4 $1 $15 20. g5 Nh5 21. Bc1 d5 (21... h6 $1 $15) 22. exd5 $11 Nxf4 $2 (22... exd5 $11 {and Black stays safe.} 23. Bf5 (23. Nxd5 Bxd5 24. cxd5 Nxf4 $11) 23... Nf8 24. Nxd5 (24. Qf2 Ng6 $15) 24... Bxd5 25. cxd5 Nxf4 26. Bxf4 Rxf4) 23. Bxf4 $18 Rxf4 24. dxe6 Bc5 {[#]} 25. exf7+ ({White has to play} 25. Bxh7+ $1 $18 {[%mdl 512]} Kf8 (25... Kxh7 26. Qh5+) 26. Nd5 Bxd5 27. cxd5) 25... Kxf7 $14 26. Rxf4+ ({Don't play} 26. g6+ hxg6 27. Bxg6+ Kxg6 $11) ({White should play} 26. Qh5+ $1 $16 Kf8 27. Qh4 (27. Qxh7 Ke7 $11)) 26... Qxf4 $11 {[#]} 27. Qf2 $2 {[%mdl 8192]} (27. g6+ $1 $11 {[%mdl 512] and White is okay.} Kf8 (27... hxg6 28. Bxg6+) 28. Qf2 Qxf2+ 29. Kxf2 hxg6 30. Nd5) 27... Bf3 $1 $19 28. Kf1 Ne5 {And now ...Ng4 would win.} 29. Nd5 Qg4 30. b4 (30. Ne3 $142 Qf4 31. Be4 Qxe4 32. Nxf3 Nxf3 33. Kg2) 30... Kg8 (30... Qh3+ $142 31. Kg1 Ng4 32. g6+ Kg8) 31. bxc5 {[#]} Bxd1 $2 (31... Qh3+ $1 $19 {has better winning chances.} 32. Kg1 Bxd1) 32. Bf5 $17 Qxg5 33. cxb6 $2 (33. Nc7 $17 {was the only chance.} Rb8 34. Nce6) 33... Nxc4 $19 {( -> ...Nd2+)} 34. Qg3 Qd2 $2 (34... Nd2+ $19 35. Kf2 Ne4+ 36. Bxe4 Qd2+ 37. Ne2 Rf8+ 38. Kg1 Bxe2) 35. Nf6+ $1 $11 Kh8 36. Nxe8 {[%csl Ge8][%cal Rg3g7]} Qxd4 37. Qxg7+ Qxg7 38. Nxg7 Nxb6 {[%mdl 4096] Endgame KBN-KBN} 39. a5 $1 {[%cal Ra5b6]} Nc4 40. Bd3 Ne5 41. Bxa6 Kxg7 42. Bb7 Ba4 {Hoping for ...Nc6.} 43. a6 {Black must now prevent a7.} Bb5+ 44. Kf2 {Threatens to win with a7.} Bxa6 {Precision: White = 28%, Black = 41%.} 1/2-1/2

[Event "RUS-ch Rapid Men 2018"]
[Site "Sochi"]
[Date "2018.10.05"]
[Round "4"]
[White "Dubov, Daniil"]
[Black "Demchenko, Anton"]
[Result "1-0"]
[WhiteElo "2703"]
[BlackElo "2679"]
[Annotator "TA"]
[PlyCount "57"]
[EventDate "2018.10.05"]
[EventType "swiss"]
[EventCountry "RUS"]
[SourceTitle "playchess.com"]
[Source "ChessBase"]
[SourceQuality "1"]

{[%evp 13,57,0,9,0,7,0,0,0,6,0,0,8,6,0,0,0,-8,0,-8,-16,-16,-58,-70,-80,-9,-13,-19,-19,3,-1,24,12,16,20,77,93,82,0,6,-90,0,-19,118,64,850,848]} 1. Nf3 Nf6 2. g3 g6 3. b3 Bg7 4. Bb2 d6 5. d4 b5 (5... O-O 6. Bg2 Nbd7 7. O-O Re8 8. c4 c6 9. Nc3 e5 10. d5 cxd5 11. cxd5 e4 12. Nd4 e3 13. f4 Ng4 14. Nc2 Ndf6 15. Qe1 Bf5 16. Nd4 Be4 17. Nxe4 Nxe4 18. Ne6 fxe6 19. Bxg7 {0-1 (60) Carlsen,M (2837)-Grischuk,A (2772) Riadh 2017}) 6. Bg2 {A49: 1 d4 Nf6 2 Nf3 g6 3 g3: Anti-King's Indian systems} Bb7 7. O-O O-O {LiveBook: 8 Games} 8. Na3 {The position is equal.} Qd7 9. c4 bxc4 10. Nxc4 a5 11. Rc1 Qb5 12. a4 Qa6 13. Bc3 $146 ({Predecessor:} 13. Re1) 13... Nc6 14. Ne3 d5 15. Ne5 e6 16. Nd3 Nd7 17. Nc2 Qb6 18. e3 Ba6 ({Black should play} 18... Qxb3 $17 19. Na1 Qa2) 19. Rb1 $11 Rfc8 20. Re1 Bf8 21. e4 Nf6 22. exd5 Nxd5 23. Bxd5 exd5 {[#]} (23... Bxd3 $1 $11 24. Bxc6 (24. Qxd3 exd5 25. Kg2 Bg7 $11) 24... Bxc2 25. Qxc2 Qxc6) 24. Nf4 $1 $36 {[%cal Rf4d5][%mdl 2048] White is really pushing.} Rd8 {[#]} 25. Qf3 (25. Ne3 $1 $16) 25... Bb7 $1 $11 26. Rbd1 (26. Bb2 $11) 26... Ne7 (26... Qxb3 $17 27. Rb1 Qxa4) 27. Ne3 Kg7 (27... Qxb3 $11 28. Ng4 Bc8 29. Nf6+ Kg7) 28. Bb2 ({White should try} 28. Rb1 $16) 28... Qxb3 $2 {[%mdl 8192] [#]} (28... Qd6 $14) 29. Nf5+ $1 {[%mdl 512] Precision: White = 34%, Black = 46%.} 1-0

[Event "RUS-ch Rapid Men 2018"]
[Site "Sochi"]
[Date "2018.10.05"]
[Round "4"]
[White "Matlakov, Maxim"]
[Black "Khanin, Semen"]
[Result "1/2-1/2"]
[WhiteElo "2683"]
[BlackElo "2510"]
[Annotator "TA"]
[PlyCount "125"]
[EventDate "2018.10.05"]
[EventType "swiss"]
[EventCountry "RUS"]
[SourceTitle "playchess.com"]
[Source "ChessBase"]
[SourceQuality "1"]

{[%evp 21,125,44,59,26,34,36,37,0,0,0,8,0,77,16,26,12,63,59,94,75,94,47,33,-16,-17,-21,-18,-10,58,-11,-4,-6,-4,-10,-5,-5,-15,-16,0,-8,-12,-5,0,-66,0,0,0,-8,0,0,0,0,0,0,9,8,12,0,2,0,0,0,0,0,8,8,12,0,0,0,0,0,4,0,24,4,8,8,22,12,12,12,12,0,0,0,7,0,8,0,0,0,0,0,0,0,0,0,0,0,0,0,0,0,0,0]} 1. c4 Nf6 2. Nc3 e5 3. g3 c6 4. Nf3 d6 5. Bg2 Be7 6. O-O O-O 7. Qc2 Nbd7 8. d4 Qc7 9. e4 Re8 10. h3 Bf8 {A55: Old Indian Defence with Nf3 and e4} 11. Be3 a6 {LiveBook: 11 Games} 12. d5 b5 {White has an edge.} 13. dxc6 $146 ({Predecessor:} 13. Nd2 b4 14. Na4 Bb7 15. Rac1 a5 16. b3 c5 17. Nb2 h5 18. Ra1 h4 19. g4 Nh7 20. a4 Be7 {½-½ (20) Rojicek,V (2450)-Jakubiec,A (2518) Czechia 2013}) 13... Qxc6 14. cxb5 axb5 15. a3 Nb6 16. Rac1 Bb7 (16... Be6 $11) 17. Bg5 (17. Qb3 $16 Ra5 18. Bg5) 17... Nbd7 18. Nd2 Rac8 ({Black should try} 18... Rec8 $11) 19. Rfd1 $14 h6 20. Be3 Nc5 21. Qb1 Qa6 22. Na2 Qa8 {[%cal Rc5e4]} 23. Nc3 Bc6 24. b4 Ne6 (24... Na4 $1 $11) 25. Nb3 ({White should play} 25. Qd3 $14) 25... Qxa3 $11 26. Na5 Bd7 $36 {[%mdl 2048] Black is more active.} 27. Rd3 {[#] aiming for Nd5.} Nd4 $1 {[%mdl 512]} 28. Kh2 (28. Bxd4 exd4) 28... d5 29. Nxd5 Rxc1 30. Bxc1 Qa4 {...Nxd5 is the strong threat.} 31. Nxf6+ gxf6 32. Bd2 (32. Nb3 $11) 32... Rc8 (32... Be6 $1 $15) 33. Nb3 $1 {[%cal Rb3d4]} Nxb3 34. Rxd7 Nxd2 35. Rxd2 Qxb4 36. Qd1 {[#] Black must now prevent Qg4+.} Bg7 37. Rd7 Qc4 38. Bf3 Qc2 39. Qf1 (39. Kg2 {is more complex.} Qxd1 40. Bxd1 Rc4 41. Bh5 Rxe4 42. Bxf7+ Kh8 43. Rd5) 39... f5 40. Bh5 Rf8 41. exf5 Qxf5 42. Bg4 Qf6 43. Rb7 Qc6 44. Rxb5 f5 45. Bd1 e4 46. Qe2 Kh8 47. Bb3 Qc7 48. Bd5 Qc3 {The position is equal.} 49. Kg2 Qd4 50. Be6 f4 51. gxf4 Rxf4 52. Bf5 Be5 53. Bg4 Rf8 54. Ra5 Bc7 55. Rh5 Bb6 {[%cal Rf8f2]} 56. Bf5 Rg8+ 57. Bg4 Rf8 {[%cal Rf8f2]} 58. Bf5 Rg8+ 59. Bg4 Rf8 {[%cal Rf8f2]} 60. Rf5 Rxf5 61. Bxf5 e3 62. fxe3 Qxe3 63. Qxe3 {Precision: White = 48%, Black = 63%.} 1/2-1/2

[Event "RUS-ch Rapid Men 2018"]
[Site "Sochi"]
[Date "2018.10.05"]
[Round "4"]
[White "Morozevich, Alexander"]
[Black "Gabrielian, Artur"]
[Result "1-0"]
[WhiteElo "2656"]
[BlackElo "2499"]
[Annotator "TA"]
[PlyCount "63"]
[EventDate "2018.10.05"]
[EventType "swiss"]
[EventCountry "RUS"]
[SourceTitle "playchess.com"]
[Source "ChessBase"]
[SourceQuality "1"]

{[%evp 18,63,0,0,0,0,0,0,0,0,0,-6,44,54,54,64,81,54,83,60,127,100,81,92,175,181,176,189,181,175,179,185,180,175,505,400,715,707,1660,1143,1760,1679,1737,1744,1539,1157,29991,29992]} 1. e4 c5 2. Nf3 d6 3. Bc4 Nc6 4. c3 Nf6 5. d3 g6 6. O-O Bg7 7. Bb3 O-O 8. h3 b5 {B50: Sizilianisch (Verschiedenes mit 2...d6)} (8... e5 9. Re1 Re8 10. Be3 b6 11. Nbd2 Bb7 12. d4 exd4 13. cxd4 cxd4 14. Nxd4 Ne5 15. Bg5 h6 16. Bh4 {0-1 (60) Bortnyk,O (2567)-Sjugirov,S (2654) Minsk 2017}) 9. d4 cxd4 10. cxd4 {LiveBook: 6 Partien} Bb7 {Die Stellung ist ausgeglichen.} 11. Qe2 Na5 12. Bc2 $1 Rc8 13. Bd3 a6 14. Nc3 {[#]} b4 $146 ({Vorgänger:} 14... Nd7 15. Rd1 Re8 16. Bg5 {½-½ (40) Maximov,D (2471)-Petr,M (2534) Germany 2013}) 15. Na4 Bc6 16. b3 Bb5 17. Bd2 ({Viel schlechter ist} 17. Bxb5 axb5 18. Nb2 e6 $11) 17... Rb8 18. Rac1 e5 (18... Bxa4 $14 19. bxa4 Qd7) 19. d5 Nh5 20. Bxb5 Rxb5 (20... axb5 $16 21. Nb2 Nf4 22. Bxf4 exf4) 21. Rc2 $18 Nf4 22. Bxf4 $1 exf4 23. Rfc1 Re8 24. Qd2 Rb7 25. Qxf4 {Und weiter mit Tc8! wäre nett.} Rbe7 $2 {[#]} (25... Qb8 {leistet mehr Widerstand.} 26. Qh4 Rd7) 26. Rc8 $1 {[%mdl 512]} Qd7 (26... Qxc8 $142 27. Rxc8 Rxc8 28. Qxd6 Rc1+ 29. Kh2 Bf8 30. Qxb4 Nb7) 27. Nb6 {[%cal Ba4b6,Bb6d7,Bd7f6][%mdl 32]} Qb5 28. Rxe8+ Rxe8 29. Rc7 Rf8 30. Nd7 Rd8 31. Nf6+ Kh8 32. Ng5 {Precision: Weiß = 86%, Schwarz = 40%.} 1-0

[Event "RUS-ch Rapid Men 2018"]
[Site "Sochi"]
[Date "2018.10.05"]
[Round "4"]
[White "Sarana, Alexey"]
[Black "Alekseenko, Kirill"]
[Result "1-0"]
[WhiteElo "2641"]
[BlackElo "2639"]
[Annotator "TA"]
[PlyCount "125"]
[EventDate "2018.10.05"]
[EventType "swiss"]
[EventCountry "RUS"]
[SourceTitle "playchess.com"]
[Source "ChessBase"]
[SourceQuality "1"]

{[%evp 9,125,22,18,12,33,34,53,27,28,22,27,8,8,8,16,0,12,8,9,4,30,10,33,28,35,6,30,9,9,9,22,10,145,85,126,113,140,145,117,80,93,43,50,43,41,51,45,2,2,0,0,0,0,-11,-22,-81,-57,-83,-38,-39,-41,-76,0,0,0,0,0,0,189,0,0,0,177,0,0,0,180,155,307,278,314,291,285,0,0,0,0,0,0,0,0,0,0,0,0,0,1348,1241,967,864,12835,10789,12835,12835,12835,12835,12842,12843,12843,12843,12844,12842,12847,12847,12848,12843,12845,12844]} 1. d4 Nf6 2. c4 e6 3. Nf3 b6 4. g3 Bb4+ 5. Bd2 Be7 6. Nc3 {E15: Queen's Indian: 4 g3 sidelines, 4 g3 Ba6 and 4 g3 Bb7 early deviations} c6 7. e4 {[%cal Be2e4,Be4e5][%mdl 32]} d5 8. cxd5 $146 {White is slightly better.} ({Predecessor:} 8. Qc2 dxe4 9. Nxe4 Bb7 10. Bg2 Nxe4 11. Qxe4 Nd7 12. Bc3 O-O 13. Rd1 {½-½ (23) Otero Acosta,D (2430)-Tiviakov,S (2590) Villahermosa 2016}) 8... cxd5 9. e5 Ne4 10. Bd3 Nxd2 11. Qxd2 Ba6 12. h4 Bxd3 13. Qxd3 Nc6 14. Kf1 a6 15. Kg2 b5 16. Ne2 Rc8 17. Nf4 $36 {[%mdl 2048] White has good play.} h6 18. Nh5 O-O 19. a3 Na5 20. Nf4 Qc7 (20... Qe8 $11) 21. b4 (21. Rac1 $142 Qd7 22. Ng5 Bxg5 23. Rxc8 (23. hxg5 Rxc1 24. Rxc1 hxg5 $14) 23... Qxc8 24. hxg5) 21... Nb7 $16 22. Ra2 Qc4 23. Qb1 $1 Rfe8 24. Nd3 Qc7 25. Nc5 Bxc5 26. bxc5 Na5 27. g4 Nc6 28. g5 h5 29. g6 fxg6 30. Qxg6 Qf7 31. Qxf7+ (31. Qd3 {with more complications.} Ne7 32. Ng5 Qf5 33. Qxf5 Nxf5 34. Nf3) 31... Kxf7 32. Rh3 (32. Kf1 $11) 32... g6 33. Rd2 Ke7 34. Rg3 Rg8 35. Ng5 Rcf8 ({Black should play} 35... a5 $17) 36. Nh7 $1 $11 {[%cal Rh7f8]} Rf4 37. Nf6 Rh8 38. Rxg6 Kf7 $2 {[#]} (38... Nxd4 $11 {and Black stays safe.} 39. Rg7+ Kf8) 39. Rg5 $2 (39. Nxd5 $1 $18 {[%mdl 512]} Kxg6 (39... exd5 40. Rxc6) 40. Nxf4+ Kf5 41. Kf3) 39... Rxh4 40. Rd3 $1 Ne7 $2 (40... Kf8 $1 $11 {and Black has nothing to worry.}) 41. Kg3 Rh1 {White must now prevent ...Rg1+.} 42. Kg2 Rh4 43. Rf3 Nf5 $2 {[#]} (43... Rxd4 $16 44. Nxd5+ Ke8 45. Nxe7 Rg4+ 46. Rg3 (46. Rxg4 hxg4 47. Rg3 Kxe7 $14) 46... Kxe7) 44. Nxd5 $1 $18 {[%mdl 512]} Rxd4 (44... exd5 45. Rfxf5+) 45. Ne3 Rc8 46. Rfxf5+ $2 ({Less strong is} 46. Rxh5 Rxc5 47. Nxf5 exf5 $16) (46. Nxf5 $18 exf5 47. Rfxf5+ (47. Rgxf5+ Ke7 $16) 47... Ke7 48. Rg7+ (48. Rxh5 Rxc5 49. Rfg5 Re4 $16) 48... Ke6 49. Rxh5) 46... exf5 $11 47. Nxf5 $18 {[%mdl 4096] Endgame KRR-KRN} Rdd8 48. Nd6+ Ke6 49. Nxc8 Rxc8 $11 {KR-KR} 50. f4 Rxc5 51. Rxh5 {aiming for f5+.} Rc3 $1 52. Rh6+ Kf5 $2 {[%mdl 8192]} (52... Kd5 $11) 53. Rf6+ $18 {White is clearly winning.} Kg4 {[#]} 54. Kf2 $1 Rxa3 55. e6 Ra2+ 56. Ke3 Ra1 57. f5 b4 58. Kd2 Ra2+ 59. Kd3 Ra3+ 60. Kc4 b3 61. e7 b2 62. Rb6 Re3 63. f6 {Precision: White = 57%, Black = 46%.} 1-0

[Event "RUS-ch Rapid Men 2018"]
[Site "Sochi"]
[Date "2018.10.05"]
[Round "4"]
[White "Alekseev, Evgeny"]
[Black "Gutenev, Alexander"]
[Result "1/2-1/2"]
[WhiteElo "2620"]
[BlackElo "2456"]
[Annotator "TA"]
[PlyCount "89"]
[EventDate "2018.10.05"]
[EventType "swiss"]
[EventCountry "RUS"]
[SourceTitle "playchess.com"]
[Source "ChessBase"]
[SourceQuality "1"]

{[%evp 38,89,8,8,8,8,14,8,12,8,8,8,8,8,8,8,8,8,8,8,8,8,17,8,16,9,12,0,0,0,0,0,24,24,24,10,8,0,11,11,17,8,8,14,18,0,51,8,15,0,51,0,8,0]} 1. e4 c5 2. Nf3 Nc6 3. d4 cxd4 4. Nxd4 Nf6 5. Nc3 d6 6. Bg5 e6 7. Qd2 Be7 8. O-O-O O-O 9. f4 Nxd4 10. Qxd4 Qa5 11. e5 dxe5 12. Qxe5 Qxe5 13. fxe5 Nd5 14. Bxe7 Nxe7 15. Bd3 b6 16. Be4 {B65: Sicilian: Richter-Rauzer: 7...Be7 8 0-0-0 0-0 9 f4 Nxd4} Rb8 17. Rhe1 (17. Nb5 Bb7 18. Rhe1 a6 19. Nc7 a5 20. Rd7 Ng6 21. Nb5 Bc8 22. Rd6 Nxe5 23. Bxh7+ Kxh7 24. Rxe5 {½-½ (48) Vitiugov,N (2724)-Predke,A (2573) Moscow 2017}) 17... Bb7 18. Rd7 Bxe4 19. Rxe4 Nc6 20. Nb5 {LiveBook: 21 Games} Rfd8 21. Rc7 Rbc8 22. Rxc8 Rxc8 $11 {[%mdl 4096] Endgame KRN-KRN} 23. Rc4 {[#] Black must now prevent Nd6.} Ne7 $1 24. Rxc8+ Nxc8 {KN-KN} 25. Kd2 $146 Kf8 26. Ke3 Ke7 27. c4 Kd7 28. g4 a6 29. Nd4 Ne7 30. Ke4 Ng6 31. Nf3 h6 32. Ne1 Ne7 33. Nd3 Kc6 34. Kd4 f6 35. exf6 gxf6 36. Nf2 Kd7 37. Nd3 Kd6 38. b4 Nc6+ 39. Ke4 b5 40. c5+ Kd7 41. a3 Ne7 ({Better is} 41... a5 $11) 42. Nf4 Nc6 43. Nd3 Ne7 44. Nc1 (44. Ne1 $14) 44... Nc6 45. Nd3 {Precision: White = 45%, Black = 74%.} 1/2-1/2

[Event "RUS-ch Rapid Men 2018"]
[Site "Sochi"]
[Date "2018.10.05"]
[Round "4"]
[White "Kobalia, Mikhail"]
[Black "Truskavetsky, Alexandr"]
[Result "0-1"]
[WhiteElo "2620"]
[BlackElo "2393"]
[Annotator "TA"]
[PlyCount "62"]
[EventDate "2018.10.05"]
[EventType "swiss"]
[EventCountry "RUS"]
[SourceTitle "playchess.com"]
[Source "ChessBase"]
[SourceQuality "1"]

{[%evp 14,62,8,14,5,5,6,0,11,22,33,0,11,0,0,4,49,45,32,-81,-80,-74,-77,-110,-90,-603,-124,-499,-429,-877,-800,-893,-892,-877,-868,-881,-884,-860,-854,-864,-854,-907,-835,-825,-793,-766,-757,-754,-738,-1053,-946]} 1. e4 c6 2. d4 d5 3. exd5 cxd5 4. Bd3 Nf6 5. c3 Bg4 6. Ne2 Nc6 7. O-O e6 {B13: Caro-Kann: Exchange Variation and Panov-Botvinnik Attack} 8. Qe1 {LiveBook: 5 Games} Bh5 $146 ({Predecessor:} 8... Bd6 9. f3 Bh5 10. Nf4 Bg6 11. Qe2 Qc7 12. g3 Bxd3 13. Nxd3 h5 14. Bg5 O-O-O 15. b4 {0-1 (30) Socko,B (2617)-Salgado Lopez,I (2622) Wroclaw 2014}) 9. Nf4 Bg6 {The position is equal.} 10. Nxg6 hxg6 11. Nd2 {[%cal Bb1d2,Bd2f3,Bf3e5][%mdl 32]} g5 12. Nf3 g4 13. Ne5 Bd6 $40 {[%mdl 128] Black mounts an attack.} 14. Qe2 Nd7 {[%cal Rd7e5]} 15. Bf4 {Nxf7! is the strong threat.} (15. Nxg4 Bxh2+ 16. Nxh2 Qh4 $17) (15. Qxg4 Bxe5 16. dxe5 Ndxe5 $11) 15... Qf6 16. Bg3 ({Much worse is} 16. Qxg4 Rh4 $17) (16. Nxf7 $14 {keeps the upper hand.} Kxf7 17. Bxd6) 16... Ncxe5 $17 17. dxe5 Nxe5 18. Bb5+ Ke7 $1 19. Rad1 $2 {[%mdl 8192] [#]} (19. Qe3 $17) 19... Rh5 $2 (19... Rxh2 $3 $19 {[%mdl 512] is more deadly.} 20. Kxh2 (20. Bxh2 $2 {loses.} Nf3+ 21. gxf3 gxf3 $19) 20... Rh8+ 21. Kg1 {[#]} Nf3+ $1 {[%mdl 512]} 22. Qxf3 (22. gxf3 $2 Qh6 $19) 22... gxf3) 20. c4 $2 {[%mdl 8192]} (20. Qe3 $17 {is a better chance.}) 20... Rah8 $19 {And now ...Rxh2! would win.Black is clearly winning.} 21. f4 (21. c5 $142 Nf3+ 22. gxf3 Bxg3 23. fxg3 Rxh2 24. Qxh2 Rxh2 25. Kxh2 Qxb2+ 26. Kh1 Qxb5 27. Rb1) 21... gxf3 {( -> ...Rxh2)} 22. gxf3 {[#]} Rxh2 $1 {[%mdl 512]} 23. Bxh2 {[#]} (23. Qxh2 Rxh2) 23... Rxh2 $1 {[%mdl 512]} 24. Qxh2 Nxf3+ 25. Rxf3 Bxh2+ 26. Kg2 Qg6+ 27. Kh1 Be5 28. Rdd3 Qh6+ 29. Kg2 Qh2+ 30. Kf1 Qxb2 31. Rb3 Qa1+ {Precision: White = 28%, Black = 75%.} 0-1